000 01144nam a2200229Ia 4500
003 Ost
005 20260507075646.0
008 260507s9999||||xx |||||||||||||| ||und||
020 _a5091119957
040 _cfsecg
041 _aara
082 _a350
100 _aاللوزي، موسى
_eمؤلف
245 0 _aالتطوير التنظيمي :
_bأساسيات ومفاهيم حديثة /
_c موسى اللوزي
250 _aطبعة 2
260 _aعمان:
_bشارع الجمعية العلمية,
_c1999
300 _a343 صفحة؛
_c24 سم
520 _aالتطوير التنظيمي، القوة والصراع في التنظيمات الإدارية، التوتر التنظيمي والتطوير، الولاء التنظيمي والتطوير التنظيمي، الإستثمارات الإدارية والتطوير التنظيمي، إدارة الجودة الشاملة والتطوير التنظيمي، التخاصية والتطوير التنظيمي، التطوير التنظيمي في الأردن
653 _aالتطور التنظيمي
653 _aالتنظيم
942 _cكتاب
999 _c45478
_d45478